[Event "KAZ-ch qual"]
[Site "Astana"]
[Date "2012.02.26"]
[Round "6"]
[White "Ibragimov, Adilbek"]
[Black "Dauletkaliev, Ertargyn"]
[Result "1-0"]
[WhiteElo "2054"]
[BlackElo "2195"]
[PlyCount "43"]
[EventDate "2012.02.21"]
[EventType "swiss"]
[EventRounds "9"]
[EventCountry "KAZ"]
[SourceTitle "EXT 2014"]
[Source "ChessBase"]
[SourceDate "2013.11.20"]
[SourceVersion "1"]
[SourceVersionDate "2013.11.20"]
[SourceQuality "1"]

1. d3 d5 2. Nf3 c5 3. g3 Nc6 4. Nbd2 Nf6 5. Bg2 e6 6. 0-0 Be7 7. e4 h6 8. e5 Nd7 9. Re1 Qc7 10. Qe2 g5 11. h3 b6 12. c4 d4 13. b4 cxb4 14. Nb3 Bb7 15. Nbxd4 a6 16. Nxc6 Bxc6 17. d4 Rc8 18. d5 exd5 19. e6 fxe6 20. Qxe6 Nf8 21. Qe2 dxc4 22. Ne5 1-0